Sehepunkte : Rezensionsjournal für die Geschichtswissenschaften
[Dt.:] Sehepunkte ist ein epochenübergreifendes und interdisziplinär angelegtes Rezensionjournal für die Geschichtswissenschaften. Der kunsthistorische Teil der sehepunkte wird auf arthistoricum.net als KUNSTFORM publiziert. Die Rezensionen der aktuellen Ausgabe werden in verschiedene Kategorien...
Gespeichert in:
| Körperschaften: | |
|---|---|
| Dokumenttyp: | Online-Ressource Zeitschrift |
| Sprache: | German |
| Veröffentlicht: |
München
: Ludwig-Maximilians-Univ.
, 2001-
München : Bayerische Staatsbibliothek , 2001- |
| Schlagwörter: | |
| Online Zugang: | https://ezb.ur.de/?2062440-2 kostenfrei |
| Bibliogr. Hinweis: | Darin aufgeg:
Perform |
| Verantwortlich: | Ludwig-Maximilians-Universität, Historisches Seminar, Abteilung Frühe Neuzeit |
| LEADER | 04434cas a2200865 c 4500 | ||
|---|---|---|---|
| 001 | 33678273X | ||
| 003 | DE-627 | ||
| 005 | 20251108172929.0 | ||
| 007 | cr ||||||||||| | ||
| 008 | 011122c20019999gw z| p|o 0 |0ger c | ||
| 016 | 7 | |a 022815740 |2 DE-101 | |
| 016 | 7 | |a 2062440-2 |2 DE-600 | |
| 022 | |a 1618-6168 | ||
| 035 | |a (DE-627)33678273X | ||
| 035 | |a (DE-576)117978736 | ||
| 035 | |a (DE-599)ZDB2062440-2 | ||
| 035 | |a (OCoLC)314623960 | ||
| 035 | |a (DE-615)00898311 | ||
| 040 | |a DE-627 |b ger |c DE-627 |e rakwb | ||
| 041 | |a ger | ||
| 044 | |c XA-DE | ||
| 082 | 0 | 4 | |a 900 |a 700 |q DE-600 |
| 084 | |a 9,10 |2 ssgn | ||
| 084 | |a 15.00 |2 bkl | ||
| 222 | 0 | |a Sehepunkte | |
| 245 | 0 | 0 | |a Sehepunkte |b Rezensionsjournal für die Geschichtswissenschaften |c Ludwig-Maximilians-Universität, Historisches Seminar, Abteilung Frühe Neuzeit |
| 264 | 3 | 1 | |a München |b Ludwig-Maximilians-Univ. |c 2001- |
| 264 | 3 | 1 | |a München |b Bayerische Staatsbibliothek |c 2001- |
| 300 | |a Online-Ressource | ||
| 336 | |a Text |b txt |2 rdacontent | ||
| 337 | |a Computermedien |b c |2 rdamedia | ||
| 338 | |a Online-Ressource |b cr |2 rdacarrier | ||
| 362 | 0 | |a 1.2001 - | |
| 363 | 0 | 1 | |a 1 |i 2001 |
| 500 | |a Gesehen am 24.09.14 | ||
| 520 | |a [Dt.:] Sehepunkte ist ein epochenübergreifendes und interdisziplinär angelegtes Rezensionjournal für die Geschichtswissenschaften. Der kunsthistorische Teil der sehepunkte wird auf arthistoricum.net als KUNSTFORM publiziert. Die Rezensionen der aktuellen Ausgabe werden in verschiedene Kategorien unterteilt, wie z.b. Theorie / Methode / Didaktik, Altertum, Mittelalter, Frühe Neuzeit, 19.Jahrhundert, Zeitgeschichte, Kunstgeschichte etc. - [Engl.:] Sehepunkte is a interdisziplinary review journal for reviews in the field of historical sciences. The arthistorical reviews in Sehepunkte are published online in KUNSTFORM on the website arthistoricum.net. The reviews fall under categories such as e.g. history of art, art theory, medieval ages, 19th century etc. | ||
| 655 | 7 | |a Zeitschrift |0 (DE-588)4067488-5 |0 (DE-627)10454466X |0 (DE-576)20917000X |2 gnd-content | |
| 689 | 0 | 0 | |d s |0 (DE-588)4190605-6 |0 (DE-627)104160527 |0 (DE-576)21006790X |a Zeitgeschichte |g Fach |2 gnd |
| 689 | 0 | 1 | |d s |0 (DE-588)4049712-4 |0 (DE-627)106186019 |0 (DE-576)209083166 |a Rezension |2 gnd |
| 689 | 0 | 2 | |d s |0 (DE-588)4067488-5 |0 (DE-627)10454466X |0 (DE-576)20917000X |a Zeitschrift |2 gnd |
| 689 | 0 | 3 | |d s |0 (DE-588)4511937-5 |0 (DE-627)248012134 |0 (DE-576)213199033 |a Online-Ressource |2 gnd |
| 689 | 0 | |5 DE-101 | |
| 689 | 1 | 0 | |d s |0 (DE-588)4049712-4 |0 (DE-627)106186019 |0 (DE-576)209083166 |a Rezension |2 gnd |
| 689 | 1 | |5 DE-101 | |
| 689 | 2 | 0 | |d s |0 (DE-588)4020535-6 |0 (DE-627)106317679 |0 (DE-576)208933794 |a Geschichtswissenschaft |2 gnd |
| 689 | 2 | |5 DE-101 | |
| 689 | 3 | 0 | |d s |0 (DE-588)4449808-1 |0 (DE-627)226987299 |0 (DE-576)212185314 |a Interdisziplinarität |2 gnd |
| 689 | 3 | |5 DE-101 | |
| 689 | 4 | 0 | |d s |0 (DE-588)4138803-3 |0 (DE-627)105639966 |0 (DE-576)209689137 |a Kunstgeschichte |g Fach |2 gnd |
| 689 | 4 | |5 DE-101 | |
| 710 | 2 | |a Herder-Institut für Historische Ostmitteleuropaforschung - Institut der Leibniz-Gemeinschaft |e Herausgebendes Organ |0 (DE-588)3024025-6 |0 (DE-627)180784951 |0 (DE-576)195058682 |4 isb | |
| 710 | 2 | |a Institut für Zeitgeschichte München-Berlin |e Herausgebendes Organ |0 (DE-588)2014524-X |0 (DE-627)101834179 |0 (DE-576)191687529 |4 isb | |
| 780 | 0 | 0 | |i Darin aufgeg |t Perform |d München : Ludwig-Maximilians-Univ., 2000 |h Online-Ressource |w (DE-627)558043917 |w (DE-600)2407321-0 |w (DE-576)281369747 |x 1617-9927 |
| 856 | 4 | 0 | |u https://ezb.ur.de/?2062440-2 |x Frontdoor-Url |7 1 |
| 856 | 4 | 0 | |u http://www.sehepunkte.de/ |x Verlag |z kostenfrei |7 0 |
| 889 | |w (DE-576)437605493 | ||
| 889 | |w (DE-627)786942770 | ||
| 935 | |a SAXB |a mteo |a FRST |a StGB | ||
| 936 | b | k | |a 15.00 |j Geschichte: Allgemeines |0 (DE-627)106415344 |
| 938 | 1 | 0 | |0 (DE-627)1756187096 |0 (DE-615)6607193 |a Rezension |2 fivt |
| 938 | 1 | 0 | |0 (DE-627)1756196389 |0 (DE-615)6602146 |a Zeitschrift |2 fivt |
| 938 | 1 | 0 | |0 (DE-627)1756147361 |0 (DE-615)6603487 |a Geschichtswissenschaft |2 fivt |
| 951 | |a JT | ||
| 994 | |u https://ezb.ur.de/?2062440-2 | ||
| 994 | |u https://www.sehepunkte.de/ | ||
| 990 | |a Zeitgeschichte | ||
| 990 | |a Rezension | ||
| 990 | |a Zeitschrift | ||
| 990 | |a Online-Ressource | ||
| 990 | |a Rezension | ||
| 990 | |a Geschichtswissenschaft | ||
| 990 | |a Interdisziplinarität | ||
| 990 | |a Kunstgeschichte | ||
| 991 | |a Rezensiertes Werk | ||
| 999 | |a KXP-PPN33678273X |e 4964324281 | ||


